[Event "Albert Boxer Classic op"]
[Site "Winnipeg CAN"]
[Date "2005.05.14"]
[Round "2"]
[White "Evans, Rick"]
[Black "Lipnowski, Samuel"]
[Result "0-1"]
[WhiteElo "1856"]
[BlackElo "2116"]
[PlyCount "64"]
[GameId "2160767910968352"]
[EventDate "2005.05.13"]
[EventType "swiss"]
[EventRounds "5"]
[EventCountry "CAN"]
[SourceTitle "CBM 106 Extra"]
[Source "ChessBase"]
[SourceDate "2005.07.01"]
[SourceVersion "1"]
[SourceVersionDate "2005.07.01"]
[SourceQuality "1"]

1. d4 Nf6 2. c4 e6 3. Nc3 Bb4 4. Qb3 c5 5. dxc5 Bxc5 6. Nf3 O-O 7. Bg5 Be7 8. e3 b6 9. Be2 Bb7 10. Rd1 Na6 11. O-O Nc5 12. Qc2 a6 13. Rd4 h6 14. Bh4 d6 15. Rfd1 Ne8 16. Bxe7 Qxe7 17. b4 Nd7 18. e4 Rc8 19. Qb3 Rc7 20. Ne1 Ndf6 21. Bf3 Nh7 22. g3 Ng5 23. h4 Nxf3+ 24. Nxf3 f5 25. R1d3 fxe4 26. Nxe4 d5 27. cxd5 Bxd5 28. Qb2 Nf6 29. Ned2 Rfc8 30. Ne5 Rc2 31. Qa3 Rxa2 32. Ng6 Qe8 0-1

[Event "Albert Boxer Classic op"]
[Site "Winnipeg CAN"]
[Date "2005.05.14"]
[Round "2"]
[White "Gibbons, Lorne"]
[Black "Czarny, Keith"]
[Result "0-1"]
[WhiteElo "1296"]
[BlackElo "1647"]
[PlyCount "24"]
[GameId "2160767910968353"]
[EventDate "2005.05.13"]
[EventType "swiss"]
[EventRounds "5"]
[EventCountry "CAN"]
[SourceTitle "CBM 106 Extra"]
[Source "ChessBase"]
[SourceDate "2005.07.01"]
[SourceVersion "1"]
[SourceVersionDate "2005.07.01"]
[SourceQuality "1"]

1. d4 f5 2. c4 Nf6 3. Nc3 g6 4. Bf4 Bg7 5. Nf3 O-O 6. e3 d6 7. Be2 Nc6 8. Qd2 b6 9. d5 Na5 10. b4 Nb7 11. O-O Ne4 12. Nd4 Nxd2 0-1

[Event "Albert Boxer Classic op"]
[Site "Winnipeg CAN"]
[Date "2005.05.14"]
[Round "2"]
[White "Hogeveen Rutter, Alexander"]
[Black "Vincent, Trevor"]
[Result "0-1"]
[WhiteElo "1772"]
[BlackElo "2001"]
[PlyCount "38"]
[GameId "2160767910968354"]
[EventDate "2005.05.13"]
[EventType "swiss"]
[EventRounds "5"]
[EventCountry "CAN"]
[SourceTitle "CBM 106 Extra"]
[Source "ChessBase"]
[SourceDate "2005.07.01"]
[SourceVersion "1"]
[SourceVersionDate "2005.07.01"]
[SourceQuality "1"]

1. e4 c5 2. Nf3 Nc6 3. d4 cxd4 4. Nxd4 g6 5. c4 Nf6 6. Nc3 d6 7. Be2 Nxd4 8. Qxd4 Bg7 9. Qd1 O-O 10. Be3 Be6 11. f3 Qa5 12. Qb3 Rfb8 13. O-O b5 14. Nxb5 a6 15. Qd3 axb5 16. cxb5 Nd7 17. Rfb1 Bxa2 18. b4 Bxb1 19. Rxa5 Bxd3 0-1

[Event "Albert Boxer Classic op"]
[Site "Winnipeg CAN"]
[Date "2005.05.14"]
[Round "2"]
[White "Khedkar, Jay S"]
[Black "Cheyne, Andrew"]
[Result "1-0"]
[WhiteElo "1975"]
[BlackElo "1373"]
[PlyCount "49"]
[GameId "2160767910968355"]
[EventDate "2005.05.13"]
[EventType "swiss"]
[EventRounds "5"]
[EventCountry "CAN"]
[SourceTitle "CBM 106 Extra"]
[Source "ChessBase"]
[SourceDate "2005.07.01"]
[SourceVersion "1"]
[SourceVersionDate "2005.07.01"]
[SourceQuality "1"]

1. e4 e5 2. Nf3 Nc6 3. Bb5 a6 4. Ba4 Nf6 5. O-O b5 6. Bb3 Be7 7. d4 d6 8. h3 O-O 9. c3 h6 10. Nbd2 Bb7 11. Re1 Qd7 12. Nf1 Rad8 13. Ng3 Rfe8 14. a4 Na5 15. dxe5 Nxb3 16. Qxb3 Nh7 17. Nf5 Bxe4 18. Nxe7+ Rxe7 19. Rxe4 Qc6 20. Rd4 Re6 21. axb5 axb5 22. Bf4 Rde8 23. Rd5 dxe5 24. Nxe5 Qc4 25. Nxc4 1-0

[Event "Albert Boxer Classic op"]
[Site "Winnipeg CAN"]
[Date "2005.05.14"]
[Round "2"]
[White "Kohalmi, Andy"]
[Black "Wasserman, Leor"]
[Result "1-0"]
[WhiteElo "1589"]
[BlackElo "1111"]
[PlyCount "143"]
[GameId "2160767910968356"]
[EventDate "2005.05.13"]
[EventType "swiss"]
[EventRounds "5"]
[EventCountry "CAN"]
[SourceTitle "CBM 106 Extra"]
[Source "ChessBase"]
[SourceDate "2005.07.01"]
[SourceVersion "1"]
[SourceVersionDate "2005.07.01"]
[SourceQuality "1"]

1. d4 d5 2. Nf3 e6 3. e3 Ne7 4. Bd3 g6 5. Nbd2 Nbc6 6. c3 Bg7 7. e4 dxe4 8. Nxe4 O-O 9. O-O f5 10. Neg5 h6 11. Nh3 g5 12. Ne1 Nd5 13. f3 e5 14. dxe5 Nxe5 15. Bc2 g4 16. Nf4 Nxf4 17. Bxf4 gxf3 18. Nxf3 Nxf3+ 19. Qxf3 Re8 20. Qg3 Kf8 21. Bxc7 Qf6 22. Qd6+ Kg8 23. Qxf6 Bxf6 24. Bxf5 Bxf5 25. Rxf5 Bh8 26. Raf1 Rac8 27. Bd6 Bg7 28. h3 Rcd8 29. Ba3 a6 30. Rf7 Re2 31. R7f2 Re4 32. g4 Rd3 33. Kg2 Ree3 34. Rf3 Rd2+ 35. R1f2 Rxf3 36. Kxf3 Rd3+ 37. Kg2 Be5 38. Rf3 Rd2+ 39. Kf1 Rd1+ 40. Ke2 Rh1 41. Kd3 Rd1+ 42. Kc4 Re1 43. Bf8 Bg7 44. Bxg7 Kxg7 45. Rd3 Re2 46. Kb3 b5 47. Rd7+ Kf8 48. Rd6 a5 49. Rxh6 a4+ 50. Ka3 Re3 51. Rh5 Kg7 52. h4 Re4 53. Rxb5 Rxg4 54. Rb4 Rg3 55. Kxa4 Rh3 56. Rc4 Kf7 57. b4 Rg3 58. b5 Rg8 59. b6 Rb8 60. Rc7+ Kg6 61. b7 Kf6 62. c4 Ke5 63. c5 Kd5 64. c6 Kc5 65. Rc8 Rxb7 66. cxb7+ Kd5 67. b8=Q Ke4 68. Rc5 Kf3 69. Rc4 Ke2 70. Qb3 Kf2 71. Rc2+ Ke1 72. Qb1# 1-0

[Event "Albert Boxer Classic op"]
[Site "Winnipeg CAN"]
[Date "2005.05.14"]
[Round "2"]
[White "Nikouline, Alexandre"]
[Black "Plocek, Jaroslav"]
[Result "1-0"]
[WhiteElo "1996"]
[BlackElo "1531"]
[PlyCount "77"]
[GameId "2160767910968358"]
[EventDate "2005.05.13"]
[EventType "swiss"]
[EventRounds "5"]
[EventCountry "CAN"]
[SourceTitle "CBM 106 Extra"]
[Source "ChessBase"]
[SourceDate "2005.07.01"]
[SourceVersion "1"]
[SourceVersionDate "2005.07.01"]
[SourceQuality "1"]

1. e4 e5 2. Nf3 Nc6 3. Bb5 a6 4. Ba4 Nf6 5. O-O Be7 6. Re1 b5 7. Bb3 O-O 8. d3 Bb7 9. c3 Na5 10. Bc2 c5 11. Nbd2 Nc6 12. Nf1 Qc7 13. Ng3 d6 14. Nf5 g6 15. Nxe7+ Nxe7 16. Bh6 Rfe8 17. Qd2 Kh8 18. Nh4 Nfg8 19. Be3 Rf8 20. f4 f5 21. fxe5 dxe5 22. exf5 Nxf5 23. Nxf5 gxf5 24. d4 f4 25. Bf2 Qg7 26. Be4 Bxe4 27. Rxe4 f3 28. Bg3 f2+ 29. Bxf2 Rad8 30. Rxe5 cxd4 31. Bxd4 Nf6 32. Rg5 Qf7 33. Rf1 Rd6 34. Qf4 Qe7 35. Rf5 Kg7 36. Qg5+ Kf7 37. Rxf6+ Rxf6 38. Bxf6 Qa7+ 39. Bd4+ 1-0

[Event "Albert Boxer Classic op"]
[Site "Winnipeg CAN"]
[Date "2005.05.14"]
[Round "2"]
[White "Oberton, Daniel"]
[Black "Boron, Anthony"]
[Result "0-1"]
[WhiteElo "1536"]
[BlackElo "1980"]
[PlyCount "82"]
[GameId "2160767910968359"]
[EventDate "2005.05.13"]
[EventType "swiss"]
[EventRounds "5"]
[EventCountry "CAN"]
[SourceTitle "CBM 106 Extra"]
[Source "ChessBase"]
[SourceDate "2005.07.01"]
[SourceVersion "1"]
[SourceVersionDate "2005.07.01"]
[SourceQuality "1"]

1. e4 d5 2. exd5 Qxd5 3. Nc3 Qa5 4. d4 c6 5. Nf3 Bg4 6. Bd2 e6 7. Bc4 Nd7 8. O-O Ngf6 9. Nd5 Qd8 10. Nc3 Nb6 11. Bb3 Bxf3 12. Qxf3 Qxd4 13. Be3 Qg4 14. Qf4 Qxf4 15. Bxf4 O-O-O 16. a4 h6 17. a5 Nbd5 18. Nxd5 Nxd5 19. Bxd5 Rxd5 20. a6 b6 21. Be3 Bc5 22. c4 Re5 23. Bd2 Rd8 24. Bc3 Bd4 25. Rfc1 Bxc3 26. Rxc3 Rd2 27. b4 Ree2 28. Rf3 f6 29. Kf1 Re4 30. Re1 Rxe1+ 31. Kxe1 Rd4 32. Re3 Rxc4 33. Rxe6 Kd7 34. Re3 Rxb4 35. Rg3 Re4+ 36. Kd2 Re7 37. Rd3+ Kc7 38. Rg3 b5 39. Kc3 Kb6 40. Kb4 c5+ 41. Kc3 Kxa6 0-1

[Event "Albert Boxer Classic op"]
[Site "Winnipeg CAN"]
[Date "2005.05.14"]
[Round "2"]
[White "Rutter, Blair"]
[Black "Booth, Kevin"]
[Result "1/2-1/2"]
[WhiteElo "1742"]
[BlackElo "1305"]
[PlyCount "76"]
[GameId "2160767910968360"]
[EventDate "2005.05.13"]
[EventType "swiss"]
[EventRounds "5"]
[EventCountry "CAN"]
[SourceTitle "CBM 106 Extra"]
[Source "ChessBase"]
[SourceDate "2005.07.01"]
[SourceVersion "1"]
[SourceVersionDate "2005.07.01"]
[SourceQuality "1"]

1. d4 Nf6 2. c4 e6 3. Nc3 Bb4 4. Bd2 c5 5. Nf3 cxd4 6. Nxd4 Nc6 7. e3 d5 8. cxd5 Nxd5 9. Bb5 Bd7 10. O-O O-O 11. Rc1 Nxd4 12. Bxd7 Qxd7 13. exd4 Nxc3 14. bxc3 Ba3 15. Rb1 b6 16. Qg4 Rad8 17. Rfe1 Rfe8 18. Bg5 Be7 19. Be3 Rc8 20. Rbc1 Qd5 21. Qe2 e5 22. c4 Qd6 23. d5 Bf6 24. Red1 Rc7 25. Rd2 Rec8 26. Qd3 g6 27. Rdc2 Bg7 28. g4 h6 29. Rf1 Qb4 30. Rfc1 Qd6 31. Qf1 Qb4 32. d6 Rd7 33. Qd1 Rcd8 34. c5 Qxg4+ 35. Kf1 bxc5 36. Bxc5 e4 37. Qd5 Qh3+ 38. Ke1 Qg2 1/2-1/2

[Event "Albert Boxer Classic op"]
[Site "Winnipeg CAN"]
[Date "2005.05.14"]
[Round "2"]
[White "Schulz, Waldemar"]
[Black "Van Wyk, Joseph"]
[Result "0-1"]
[WhiteElo "2052"]
[BlackElo "1851"]
[PlyCount "74"]
[GameId "2160767910968361"]
[EventDate "2005.05.13"]
[EventType "swiss"]
[EventRounds "5"]
[EventCountry "CAN"]
[SourceTitle "CBM 106 Extra"]
[Source "ChessBase"]
[SourceDate "2005.07.01"]
[SourceVersion "1"]
[SourceVersionDate "2005.07.01"]
[SourceQuality "1"]

1. Nf3 Nf6 2. c4 c5 3. Nc3 e6 4. g3 d5 5. cxd5 exd5 6. d4 Nc6 7. Bg2 Be7 8. O-O O-O 9. Bg5 cxd4 10. Nxd4 Nxd4 11. Qxd4 Be6 12. Rfd1 h6 13. Bf4 Qa5 14. Qd2 Rfd8 15. Be5 Rd7 16. Bxf6 Bxf6 17. Nxd5 Qxd2 18. Rxd2 Bxd5 19. Bxd5 Rc8 20. Rad1 Rdc7 21. Bb3 Re7 22. h4 Rce8 23. e3 Rc7 24. Rd7 Re7 25. Rxe7 Rxe7 26. Rd8+ Kh7 27. Rf8 Bxb2 28. Bxf7 g5 29. Bb3 gxh4 30. gxh4 Kg6 31. Bd1 Bg7 32. Rd8 Kf5 33. Kg2 b6 34. Kg3 Bf6 35. Bc2+ Ke6 36. h5 Rg7+ 37. Bg6 Bxd8 0-1

[Event "Albert Boxer Classic op"]
[Site "Winnipeg CAN"]
[Date "2005.05.14"]
[Round "3"]
[White "Booth, Kevin"]
[Black "Gannon, Keith"]
[Result "1-0"]
[WhiteElo "1305"]
[BlackElo "1561"]
[PlyCount "121"]
[GameId "2160767910968363"]
[EventDate "2005.05.13"]
[EventType "swiss"]
[EventRounds "5"]
[EventCountry "CAN"]
[SourceTitle "CBM 106 Extra"]
[Source "ChessBase"]
[SourceDate "2005.07.01"]
[SourceVersion "1"]
[SourceVersionDate "2005.07.01"]
[SourceQuality "1"]

1. e4 c5 2. Nf3 d6 3. d4 cxd4 4. Nxd4 Nf6 5. Nc3 a6 6. f3 Bd7 7. Be3 Nc6 8. Qd2 b5 9. a3 h6 10. Be2 Qa5 11. O-O b4 12. axb4 Qxb4 13. Ra4 Qb7 14. Ra2 Nxd4 15. Bxd4 e5 16. Bf2 Be7 17. Rfa1 O-O 18. b3 Bb5 19. Nxb5 axb5 20. Rxa8 Rxa8 21. Rxa8+ Qxa8 22. Bxb5 Qa1+ 23. Qe1 Qxe1+ 24. Bxe1 Kf8 25. Kf1 Bd8 26. Ke2 Ke7 27. Kd3 Ke6 28. c4 Nd7 29. b4 Nb6 30. c5 dxc5 31. bxc5 Nd7 32. Bb4 Bc7 33. Kc4 g6 34. Bc3 f5 35. exf5+ gxf5 36. Bxd7+ Kxd7 37. Kd5 e4 38. fxe4 fxe4 39. Kxe4 Bxh2 40. Be5 Bg1 41. Kd5 Be3 42. c6+ Kc8 43. Ke6 Kd8 44. g4 Bd2 45. Kf6 Bg5+ 46. Kg6 Bd2 47. Bg7 Kc7 48. Bxh6 Bb4 49. Kf7 Kxc6 50. Bf4 Kd5 51. g5 Bc3 52. g6 Ke4 53. Bg5 Kf5 54. Bh6 Bd4 55. Bg7 Be3 56. Bf6 Bh6 57. Be7 Kg4 58. Bf8 Kg5 59. Bxh6+ Kxh6 60. g7 Kh7 61. g8=Q+ 1-0

[Event "Albert Boxer Classic op"]
[Site "Winnipeg CAN"]
[Date "2005.05.14"]
[Round "3"]
[White "Cleto, Sam"]
[Black "Oberton, Daniel"]
[Result "1-0"]
[WhiteElo "1808"]
[BlackElo "1536"]
[PlyCount "101"]
[GameId "2160767910968364"]
[EventDate "2005.05.13"]
[EventType "swiss"]
[EventRounds "5"]
[EventCountry "CAN"]
[SourceTitle "CBM 106 Extra"]
[Source "ChessBase"]
[SourceDate "2005.07.01"]
[SourceVersion "1"]
[SourceVersionDate "2005.07.01"]
[SourceQuality "1"]

1. d4 Nf6 2. Nf3 g6 3. c4 Bg7 4. Nc3 d6 5. e4 b6 6. Be2 Bb7 7. d5 c6 8. O-O O-O 9. Bg5 Qc7 10. Rc1 Nbd7 11. h3 Nc5 12. Qc2 a5 13. Rfe1 Rac8 14. a3 cxd5 15. Nxd5 Nxd5 16. exd5 Rfe8 17. b4 axb4 18. axb4 Nd7 19. Qd2 Ne5 20. Bh6 Nxf3+ 21. Bxf3 Qd7 22. Bxg7 Kxg7 23. Re4 Rh8 24. Qg5 f6 25. Qe3 Rhe8 26. Rh4 Rh8 27. Qh6+ Kf7 28. Re1 Rce8 29. Re6 b5 30. Bg4 Qc7 31. Re1 Bc8 32. Be6+ Bxe6 33. dxe6+ Kg8 34. Rg4 g5 35. Rxg5+ fxg5 36. Qxg5+ Kf8 37. Qf5+ Kg7 38. Qf7+ Kh6 39. Re4 Qxc4 40. Qf4+ Kg6 41. h4 Qd5 42. Qf7+ Kh6 43. g4 Rhg8 44. f3 Ref8 45. Qxe7 Rxf3 46. g5+ Kg6 47. h5+ Kxh5 48. Qxh7+ Kxg5 49. Qxg8+ Kf5 50. Qg4+ Kf6 51. Qxf3+ 1-0

[Event "Albert Boxer Classic op"]
[Site "Winnipeg CAN"]
[Date "2005.05.14"]
[Round "3"]
[White "Czarny, Keith"]
[Black "Khedkar, Jay S"]
[Result "1-0"]
[WhiteElo "1647"]
[BlackElo "1975"]
[PlyCount "57"]
[GameId "2160767910968365"]
[EventDate "2005.05.13"]
[EventType "swiss"]
[EventRounds "5"]
[EventCountry "CAN"]
[SourceTitle "CBM 106 Extra"]
[Source "ChessBase"]
[SourceDate "2005.07.01"]
[SourceVersion "1"]
[SourceVersionDate "2005.07.01"]
[SourceQuality "1"]

1. c4 e5 2. g3 Nf6 3. Nc3 d5 4. cxd5 Nxd5 5. Bg2 Be6 6. Nf3 Nc6 7. O-O Be7 8. d3 f6 9. Nh4 Qd7 10. Nxd5 Bxd5 11. e4 Be6 12. Be3 Rd8 13. f4 Qxd3 14. Qf3 Nd4 15. Bxd4 Qxd4+ 16. Kh1 O-O 17. f5 Bf7 18. b3 Qd3 19. Qg4 Qe3 20. Rae1 Qh6 21. Qe2 Rd2 22. Qb5 Rfd8 23. Qxb7 Bc5 24. Qxc7 Bb6 25. Qe7 R8d7 26. Qa3 Bh5 27. Rc1 Be2 28. Rc8+ Kf7 29. Qf8# 1-0

[Event "Albert Boxer Classic op"]
[Site "Winnipeg CAN"]
[Date "2005.05.14"]
[Round "3"]
[White "Joven, Perfecto"]
[Black "Degroot, Stephen"]
[Result "1-0"]
[WhiteElo "1917"]
[BlackElo "1594"]
[PlyCount "43"]
[GameId "2160767910968366"]
[EventDate "2005.05.13"]
[EventType "swiss"]
[EventRounds "5"]
[EventCountry "CAN"]
[SourceTitle "CBM 106 Extra"]
[Source "ChessBase"]
[SourceDate "2005.07.01"]
[SourceVersion "1"]
[SourceVersionDate "2005.07.01"]
[SourceQuality "1"]

1. Nf3 Nf6 2. d4 g6 3. c4 Bg7 4. Nc3 d6 5. e4 O-O 6. Bd3 e5 7. d5 Nbd7 8. Be3 h6 9. h3 Nh5 10. Qd2 Kh7 11. g4 Nf4 12. Bxf4 exf4 13. Qxf4 Nc5 14. Bc2 f5 15. exf5 Qe7+ 16. Kf1 Kh8 17. Re1 Qf6 18. h4 gxf5 19. g5 Qg6 20. gxh6 Bxc3 21. bxc3 Qh5 22. Qd4+ 1-0

[Event "Albert Boxer Classic op"]
[Site "Winnipeg CAN"]
[Date "2005.05.14"]
[Round "3"]
[White "Kohalmi, Andy"]
[Black "Evans, Rick"]
[Result "0-1"]
[WhiteElo "1589"]
[BlackElo "1856"]
[PlyCount "46"]
[GameId "2160767910968367"]
[EventDate "2005.05.13"]
[EventType "swiss"]
[EventRounds "5"]
[EventCountry "CAN"]
[SourceTitle "CBM 106 Extra"]
[Source "ChessBase"]
[SourceDate "2005.07.01"]
[SourceVersion "1"]
[SourceVersionDate "2005.07.01"]
[SourceQuality "1"]

1. d4 Nf6 2. Nf3 e6 3. e3 d5 4. Bd3 c5 5. b3 Nc6 6. Bb2 b6 7. Nbd2 Bb7 8. O-O Be7 9. Rc1 O-O 10. a3 Nd7 11. e4 Nxd4 12. Nxd4 cxd4 13. exd5 Bxd5 14. Bxd4 Bxa3 15. Bxg7 Kxg7 16. Qg4+ Kh8 17. Qd4+ Qf6 18. Qxf6+ Nxf6 19. Ra1 Bb4 20. Nb1 Rg8 21. g3 Ng4 22. Ra4 a5 23. Bb5 Ne5 0-1

[Event "Albert Boxer Classic op"]
[Site "Winnipeg CAN"]
[Date "2005.05.14"]
[Round "3"]
[White "Lipnowski, Samuel"]
[Black "Vincent, Trevor"]
[Result "1/2-1/2"]
[WhiteElo "2116"]
[BlackElo "2001"]
[PlyCount "62"]
[GameId "2160767910968368"]
[EventDate "2005.05.13"]
[EventType "swiss"]
[EventRounds "5"]
[EventCountry "CAN"]
[SourceTitle "CBM 106 Extra"]
[Source "ChessBase"]
[SourceDate "2005.07.01"]
[SourceVersion "1"]
[SourceVersionDate "2005.07.01"]
[SourceQuality "1"]

1. e4 c5 2. c3 d5 3. exd5 Qxd5 4. d4 Nf6 5. Nf3 Bg4 6. Be2 e6 7. h3 Bh5 8. O-O Nc6 9. Be3 cxd4 10. cxd4 Be7 11. Nc3 Qd6 12. Qd2 O-O 13. Rad1 Rfd8 14. a3 Rac8 15. Rfe1 Nd5 16. Ne4 Qb8 17. Ng3 Bg6 18. Bd3 Nxe3 19. Qxe3 Bxd3 20. Rxd3 Rd5 21. Ne2 Rcd8 22. Red1 Na5 23. Nc3 Nc4 24. Qe2 R5d6 25. d5 Nb6 26. dxe6 Rxe6 27. Rxd8+ Bxd8 28. Qd3 Be7 29. Ne4 g6 30. g3 Qc8 31. Nd4 Re5 1/2-1/2

[Event "Albert Boxer Classic op"]
[Site "Winnipeg CAN"]
[Date "2005.05.14"]
[Round "3"]
[White "MacPherson, Al"]
[Black "Nikouline, Alexandre"]
[Result "0-1"]
[WhiteElo "1748"]
[BlackElo "1996"]
[PlyCount "68"]
[GameId "2160767910968369"]
[EventDate "2005.05.13"]
[EventType "swiss"]
[EventRounds "5"]
[EventCountry "CAN"]
[SourceTitle "CBM 106 Extra"]
[Source "ChessBase"]
[SourceDate "2005.07.01"]
[SourceVersion "1"]
[SourceVersionDate "2005.07.01"]
[SourceQuality "1"]

1. d4 Nf6 2. c4 e6 3. Nc3 Bb4 4. Qc2 O-O 5. a3 Be7 6. e4 d6 7. Be3 Ng4 8. Nf3 Nxe3 9. fxe3 f5 10. Bd3 f4 11. Qd2 Bh4+ 12. Kd1 e5 13. Kc2 fxe3 14. Qxe3 Nc6 15. d5 Nd4+ 16. Kb1 Bg4 17. Be2 Bxf3 18. Bxf3 Bg5 19. Qd3 Nb3 20. Ra2 Qf6 21. Ne2 Nd2+ 22. Ka1 Nxf3 23. Rf1 Qh6 24. Rxf3 Qxh2 25. b3 Qxg2 26. Nf4 Qg1+ 27. Rf1 Qd4+ 28. Qxd4 exd4 29. Raf2 Rxf4 30. Rxf4 Bxf4 31. Rxf4 Rf8 32. Rg4 Rf2 33. b4 Kf7 34. c5 Kf6 0-1

[Event "Albert Boxer Classic op"]
[Site "Winnipeg CAN"]
[Date "2005.05.14"]
[Round "3"]
[White "Remillard, John"]
[Black "Rutter, Blair"]
[Result "0-1"]
[WhiteElo "1562"]
[BlackElo "1742"]
[PlyCount "94"]
[GameId "2160767910968371"]
[EventDate "2005.05.13"]
[EventType "swiss"]
[EventRounds "5"]
[EventCountry "CAN"]
[SourceTitle "CBM 106 Extra"]
[Source "ChessBase"]
[SourceDate "2005.07.01"]
[SourceVersion "1"]
[SourceVersionDate "2005.07.01"]
[SourceQuality "1"]

1. e4 e6 2. Nf3 d5 3. exd5 exd5 4. Bb5+ c6 5. Qe2+ Be7 6. Ba4 Nf6 7. O-O O-O 8. d3 Bg4 9. h3 Bh5 10. g4 Bg6 11. Nh4 Nbd7 12. f4 Re8 13. Qf2 Bxd3 14. cxd3 Nxg4 15. hxg4 Bxh4 16. Qh2 Bf6 17. Nd2 Bd4+ 18. Kh1 Nf6 19. Bd1 Re7 20. g5 Nd7 21. Nf3 Bb6 22. b3 Nc5 23. Ne5 Bc7 24. d4 Ne4 25. Bc2 Bb6 26. Bb2 Qd6 27. Rf3 f5 28. gxf6 Qxf6 29. Rh3 g6 30. Rg1 Rf8 31. Rg4 Rg7 32. Qg2 Qf5 33. Rhh4 Bd8 34. Rh3 Bf6 35. Re3 Bxe5 36. dxe5 Qxg4 37. Qxg4 Nf2+ 38. Kg2 Nxg4 39. Rf3 Re8 40. Kg3 Nh6 41. Kh4 Rf7 42. Kg5 Nf5 43. Bxf5 Rxf5+ 44. Kg4 Kf7 45. Re3 Ke6 46. Rh3 h5+ 47. Kg3 Rc8 0-1

[Event "Albert Boxer Classic op"]
[Site "Winnipeg CAN"]
[Date "2005.05.14"]
[Round "3"]
[White "Schulz, Waldemar"]
[Black "Hogeveen Rutter, Alexander"]
[Result "1-0"]
[WhiteElo "2052"]
[BlackElo "1772"]
[PlyCount "49"]
[GameId "2160767910968372"]
[EventDate "2005.05.13"]
[EventType "swiss"]
[EventRounds "5"]
[EventCountry "CAN"]
[SourceTitle "CBM 106 Extra"]
[Source "ChessBase"]
[SourceDate "2005.07.01"]
[SourceVersion "1"]
[SourceVersionDate "2005.07.01"]
[SourceQuality "1"]

1. d4 Nf6 2. c4 g6 3. Nc3 Bg7 4. e4 d6 5. f3 O-O 6. Be3 Nbd7 7. Qd2 e5 8. d5 Nb6 9. Bd3 c6 10. Nge2 Ne8 11. Bg5 f6 12. Bh6 g5 13. Bxg7 Nxg7 14. g4 h5 15. gxh5 Nxh5 16. h4 g4 17. Qh6 Ng7 18. Rg1 Kf7 19. h5 Rh8 20. Qg6+ Kf8 21. fxg4 Bd7 22. h6 Ne8 23. O-O-O Qe7 24. g5 Rg8 25. Qxg8+ 1-0

[Event "Albert Boxer Classic op"]
[Site "Winnipeg CAN"]
[Date "2005.05.14"]
[Round "3"]
[White "Tang, Edward"]
[Black "Boron, Anthony"]
[Result "1/2-1/2"]
[WhiteElo "2018"]
[BlackElo "1980"]
[PlyCount "113"]
[GameId "2160767910968373"]
[EventDate "2005.05.13"]
[EventType "swiss"]
[EventRounds "5"]
[EventCountry "CAN"]
[SourceTitle "CBM 106 Extra"]
[Source "ChessBase"]
[SourceDate "2005.07.01"]
[SourceVersion "1"]
[SourceVersionDate "2005.07.01"]
[SourceQuality "1"]

1. e4 d5 2. d3 dxe4 3. dxe4 Qxd1+ 4. Kxd1 Nf6 5. f3 e5 6. Be3 Be6 7. Nd2 Nbd7 8. Bc4 Bxc4 9. Nxc4 O-O-O 10. Ke2 Be7 11. Nh3 h6 12. Nf2 Rhe8 13. Nd3 Bf8 14. a4 Kb8 15. a5 Ng8 16. Kf2 f6 17. g4 Ne7 18. Ke2 Nc6 19. c3 Be7 20. h4 Rh8 21. h5 Bd6 22. b4 b5 23. axb6 Nxb6 24. Ncb2 Kb7 25. b5 Nb8 26. c4 Be7 27. c5 Nc8 28. c6+ Ka8 29. Rxa7+ Nxa7 30. Ra1 Rd4 31. Bxd4 exd4 32. Nc4 Nbxc6 33. bxc6 Rb8 34. Nf4 Rb4 35. Nd5 Rxc4 36. Nxe7 Kb8 37. Rb1+ Ka8 38. Rb7 Nxc6 39. Rxc7 d3+ 40. Kd1 Ne5 41. Rxc4 Nxc4 42. Nf5 Ne5 43. Nxg7 Nxf3 44. Ne8 Ne5 45. Nxf6 Kb7 46. Kd2 Kc6 47. Ng8 Nxg4 48. Kxd3 Kd6 49. Ke2 Ke6 50. Kf3 Ne5+ 51. Kf4 Nf7 52. Nxh6 Nxh6 53. Kg5 Nf7+ 54. Kg6 Ne5+ 55. Kg5 Nf7+ 56. Kg6 Ne5+ 57. Kg5 1/2-1/2

[Event "Albert Boxer Classic op"]
[Site "Winnipeg CAN"]
[Date "2005.05.14"]
[Round "3"]
[White "Van Wyk, Joseph"]
[Black "Zaczek, Jonathon"]
[Result "1/2-1/2"]
[WhiteElo "1851"]
[BlackElo "2011"]
[PlyCount "111"]
[GameId "2160767910968374"]
[EventDate "2005.05.13"]
[EventType "swiss"]
[EventRounds "5"]
[EventCountry "CAN"]
[SourceTitle "CBM 106 Extra"]
[Source "ChessBase"]
[SourceDate "2005.07.01"]
[SourceVersion "1"]
[SourceVersionDate "2005.07.01"]
[SourceQuality "1"]

1. e4 c5 2. Nf3 a6 3. c3 d6 4. d4 cxd4 5. cxd4 Nf6 6. Nc3 e6 7. Bg5 Be7 8. Bd3 b5 9. O-O h6 10. Bxf6 Bxf6 11. e5 Be7 12. exd6 Qxd6 13. Be4 Ra7 14. Ne5 O-O 15. Qh5 f5 16. Bc2 Qxd4 17. Ng6 Rf7 18. Rad1 Qf6 19. Bb3 Nc6 20. Rfe1 Kh7 21. Nf4 g6 22. Qe2 Nd4 23. Qe3 Bc5 24. Nd3 Nxb3 25. Nxc5 Nxc5 26. Qxc5 Rac7 27. Qb6 Rc4 28. Rd6 Qe7 29. h3 Qc7 30. Qxc7 Rfxc7 31. a3 Kg7 32. Red1 R7c6 33. Rd8 b4 34. axb4 Rxb4 35. R1d2 Bb7 36. Rb8 Rcb6 37. Rd7+ Kf6 38. f4 g5 39. Rf8+ Kg6 40. Rg8+ Kh5 41. fxg5 Rxb2 42. gxh6 Kxh6 43. Na4 Rb1+ 44. Kh2 Rc6 45. Rd4 Kh7 46. Rg5 e5 47. Rh4+ Rh6 48. Rxh6+ Kxh6 49. Rxf5 Rb5 50. g4 Kg6 51. Kg3 Rb3+ 52. Kh2 Re3 53. Nc5 Bd5 54. Nxa6 Re2+ 55. Kg3 Re3+ 56. Kf2 1/2-1/2

[Event "Albert Boxer Classic op"]
[Site "Winnipeg CAN"]
[Date "2005.05.14"]
[Round "3"]
[White "Wasserman, Leor"]
[Black "Cheyne, Andrew"]
[Result "0-1"]
[WhiteElo "1111"]
[BlackElo "1373"]
[PlyCount "78"]
[GameId "2160767910968375"]
[EventDate "2005.05.13"]
[EventType "swiss"]
[EventRounds "5"]
[EventCountry "CAN"]
[SourceTitle "CBM 106 Extra"]
[Source "ChessBase"]
[SourceDate "2005.07.01"]
[SourceVersion "1"]
[SourceVersionDate "2005.07.01"]
[SourceQuality "1"]

1. e4 e5 2. Ne2 Nf6 3. Nbc3 Bb4 4. g3 d6 5. Bg2 O-O 6. O-O b6 7. f4 Nbd7 8. d4 Bb7 9. dxe5 dxe5 10. a3 Bc5+ 11. Kh1 Ng4 12. Qe1 Ne3 13. Bxe3 Bxe3 14. Rd1 Re8 15. Bh3 Re7 16. fxe5 Qe8 17. Bxd7 Rxd7 18. Rxd7 Qxd7 19. Qd1 Qe6 20. Nd5 Qxe5 21. Nxe3 Qxe4+ 22. Kg1 Qxe3+ 23. Rf2 Re8 24. Kf1 Qe4 25. Ng1 Ba6+ 26. Re2 Bxe2+ 27. Qxe2 Qf5+ 28. Qf3 Qxc2 29. Qf2 Qd1+ 30. Kg2 Re1 31. Nf3 Re2 32. Ne5 Rxf2+ 33. Kxf2 Qd4+ 34. Kf1 Qxe5 35. h4 g5 36. hxg5 Kg7 37. g6 Kxg6 38. g4 Kg5 39. b4 Kxg4 0-1